<?xml version="1.0" encoding="UTF-8"?>
<collection xmlns="http://www.loc.gov/MARC21/slim">
 <record>
  <leader>01324nam a2200205 a 4500</leader>
  <controlfield tag="001">EUN.eunm009608</controlfield>
  <controlfield tag="008">260225s2025####ag#####g######000#f#spa#d</controlfield>
  <controlfield tag="005">20260226084401.0</controlfield>
  <datafield tag="245" ind1="1" ind2="0">
   <subfield code="a">Rayuela /</subfield>
   <subfield code="c">Julio Cortázar.</subfield>
  </datafield>
  <datafield tag="250" ind1=" " ind2=" ">
   <subfield code="a">5ta. ed.</subfield>
  </datafield>
  <datafield tag="260" ind1=" " ind2=" ">
   <subfield code="a">Buenos Aires :</subfield>
   <subfield code="b">Alfaguara,</subfield>
   <subfield code="c">2025.</subfield>
  </datafield>
  <datafield tag="300" ind1=" " ind2=" ">
   <subfield code="a">597 p. ;</subfield>
   <subfield code="c">24 cm.</subfield>
  </datafield>
  <datafield tag="490" ind1="1" ind2=" ">
   <subfield code="a">Narrativa hispánica</subfield>
  </datafield>
  <datafield tag="520" ind1=" " ind2=" ">
   <subfield code="a">&quot;En Rayuela (1963), Julio Cortázar supo condensar sus obsesiones estéticas, literarias y vitales a partir de un mosaico diverso, profundo, inagotable que, a su vez, refleja de forma maravillosa lo más esencial de su época. El amor turbulento de Oliveira y La Maga, los amigos del Club de la Serpiente, las impredecibles caminatas por Paris -la ciudad que promete el cielo pero puede conducir al infierno-, encuentran su contracara en la aventura protagonizada por Oliveira, Talita y Traveler en Buenos Aires. Rayuela es un libro único, abierto a múltiples lecturas, lúdico, complejo, lleno de riesgo y humor, de una originalidad sin precedentes y un talento innato para influir en las futuras generaciones.&quot;--Contratapa.</subfield>
  </datafield>
  <datafield tag="020" ind1=" " ind2=" ">
   <subfield code="a">9789877382570</subfield>
  </datafield>
  <datafield tag="100" ind1="1" ind2=" ">
   <subfield code="a">Cortázar, Julio,</subfield>
   <subfield code="d">1914-1984,</subfield>
   <subfield code="e">autor.</subfield>
   <subfield code="4">aut</subfield>
  </datafield>
  <datafield tag="830" ind1=" " ind2="0">
   <subfield code="a">Hispánica (Alfaguara)</subfield>
  </datafield>
  <datafield tag="082" ind1="0" ind2="4">
   <subfield code="a">A863.4</subfield>
   <subfield code="2">15</subfield>
  </datafield>
  <datafield tag="655" ind1=" " ind2="4">
   <subfield code="a">Novela</subfield>
  </datafield>
  <datafield tag="859" ind1=" " ind2=" ">
   <subfield code="a">AR-BaUNS</subfield>
   <subfield code="b">BIB. CENTRAL - Sector A</subfield>
   <subfield code="h">A863.4</subfield>
   <subfield code="i">C818-7a5</subfield>
   <subfield code="p">00210043</subfield>
  </datafield>
 </record>
</collection>
